Most Popular Games - Statistics

General Stats
  • This quiz has been taken 14 times
  • The average score is 4 of 10
Answer Stats
Answer % Correct
Minecraft
100%
Call Of Duty Warzone
73%
Fortnite
64%
Roblox
45%
Counter-Strike: Global Offensive
27%
Valorant
27%
League of Legends
18%
Apex Legends
9%
Genshin Impact
0%
PlayerUnknown's Battlegrounds
0%
No matching quizzes found
Score Distribution
Percent of People with Each Score
Percentile by Number Answered
Your Score History
You have not taken this quiz